000 00368pab a2200145 454500
008 180718b1985 xxu||||| |||| 00| 0 eng d
100 _aChandra, Jag Parvesh
245 _aNew dimensions to Delhi industries
260 _c1985
300 _a6-9
362 _aJuly-Sept.
650 _aIndustry, Small Scale - India - Delhi
773 _aVikas Vartha
909 _a10752
999 _c10752
_d10752